Biologie moléculaire : cours, exercices, annales et QCM corrigés (Record no. 45534)

MARC details
000 -LEADER
fixed length control field 00570 a2200241 4500
037 ## - SOURCE OF ACQUISITION
Source of stock number/acquisition 1, CIUF
037 ## - SOURCE OF ACQUISITION
Stock number 07/110
020 ## - NUMERO INTERNATIONAL NORMALISE DES LIVRES
International Standard Book Number 2 10 049650 6
100 ## - VEDETTE PRINCIPALE - NOM DE PERSONNE
Personal name Beaumont, Simon
100 ## - VEDETTE PRINCIPALE - NOM DE PERSONNE
Language of a work Fr
260 ## - PUBLICATION, DISTRIBUTION, ETC. (IMPRINT)
Place of publication, distribution, etc Paris
260 ## - PUBLICATION, DISTRIBUTION, ETC. (IMPRINT)
Name of publisher, distributor, etc EdiScience
245 ## - TITLE STATEMENT
Title Biologie moléculaire : cours, exercices, annales et QCM corrigés
260 ## - PUBLICATION, DISTRIBUTION, ETC. (IMPRINT)
Date of publication, distribution, etc 2006
300 ## - PHYSICAL DESCRIPTION
Extent 318 p
300 ## - PHYSICAL DESCRIPTION
Other physical details 24 cm
440 ## - SERIES STATEMENT/ADDED ENTRY--TITLE
Title Concours : PCEM 1
630 ## - SUBJECT ADDED ENTRY--UNIFORM TITLE
Uniform title 57 - Biologie
650 ## - SUBJECT ADDED ENTRY--TOPICAL TERM
Topical term or geographic name as entry element 5 - SCIENCES EXACTES ET NATURELLES
650 ## - SUBJECT ADDED ENTRY--TOPICAL TERM
Topical term or geographic name as entry element Biologie moléculaire
Holdings
Withdrawn status Lost status Damaged status Not for loan Location (home branch) Sublocation or collection (holding branch) Date acquired Koha issues (times borrowed) Koha full call number Koha date last seen Price effective from Koha item type Source of acquisition Piece designation (barcode) Copy number
        Bibliothèque Faculté des Sciences de la Santé Bibliothèque Faculté des Sciences de la Santé 12/10/2020   QH 335 BEA 15/06/2013 15/06/2013 Livre Achat 9915BFSS 1
        Bibliothèque Universitaire Centrale Bibliothèque Universitaire Centrale 28/02/2009   576.3 BEA 28/02/2009 28/02/2009 Livre      


© 2008, Bibliothèques de l'Université d'Abomey-Calavi

04 BP 789 Cotonou, Tél. : +229 21 36 01 01, Fax : +229 21 35 06 32

Courriel : bu@bu.uac.bj